000 00319nam a2200133Ia 4500
008 100328s9999 xx 000 0 und d
082 _b70779
100 _aसावंत वसंत.
245 _aवसा.
260 _bशब्दालय.
630 _aवसा.
730 _aवसा.
942 _cBOOK
999 _c556504
_d556501